00658cam a22002411 4500001001300000003000400013005001700017008004100034010001700075025001900092035002000111040001800131042001200149050001700161100001500178245007000193260003200263300001800295490003800313650002000351651002800371999001700399sa 64007144 DLC20260227112044.0880304s1961 ii 000 0 eng  asa 64007144  aPL480:I-E-3057 a(OCoLC)17576979 aDLCcWaUdDLC apremarc00aHC440.C3bR61 aRoy, Ajit.10aSome aspects of economic development in India since independence. aCalcuttab[R. Gupta,c1961] a53 p.c22 cm.0 aOccasional studies series,vno. 1 0aCapitalzIndia. 0aIndiaxEconomic policy. c60072d60072